000
00284nam a22001337a 4500
003
SGT
082
_a
612.015
_b
T18B
100
_a
BHASIN, VIPUL
245
_a
TO STUDY THE POSSIBILITY OF APEI/ REF
260
_a
SGTU
_c
2018
300
_a
72
650
_a
BIOCHEMISTRY
942
_2
ddc
_c
TH
999
_c
20544
_d
20544